Harvard Business Review : creatividad e innovación /

Son ocho los textos de diferentes especialistas en administración de empresas que hablan sobre la innovación y el cambio organizacional con miras al crecimiento y desarrollo empresarial.

Αποθηκεύτηκε σε:
Λεπτομέρειες βιβλιογραφικής εγγραφής
Μορφή: Βιβλίο
Γλώσσα:Ισπανικά
Έκδοση: Bilbao, España : Deusto, 2000, c2000
Σειρά:(Harvard Business Review)
Θέματα:
Ετικέτες: Προσθήκη ετικέτας
Δεν υπάρχουν, Καταχωρήστε ετικέτα πρώτοι!

MARC

LEADER 00000nam^a2200000^a^4500
001 000154727
005 20250521000000.0
009 20260310100404.837
020 |a 84-234-1706-7 
037 |a Acervo ITESO - Biblioteca 
041 |a ESP 
082 |a 658. 005  |b HAR V. 5 
240 1 1 |a [Harvard Business Review] 
245 0 0 |a Harvard Business Review :  |b creatividad e innovación / 
264 4 |a Bilbao, España :  |b Deusto,  |c 2000, c2000 
300 |a V, 255 p. 
336 |a texto  |b txt  |2 rdacontenido 
337 |a sin mediación  |b n  |2 rdamedio 
338 |a volumen  |b nc  |2 rdasoporte 
440 1 |a (Harvard Business Review) 
500 |a Traducción de: Harvard Business Review on Breakthrough Thinking 
520 |a Son ocho los textos de diferentes especialistas en administración de empresas que hablan sobre la innovación y el cambio organizacional con miras al crecimiento y desarrollo empresarial. 
649 |a XX 
650 |a Creatividad 
650 |a Cambio Organizacional 
650 |a Toma de Decisiones 
650 |a Desarrollo Organizacional 
650 |a Proceso Administrativo -  |x Dirección 
650 |a Empresas -  |x Administración 
650 |a Ciencias Administrativas 
910 |a Fondo General 
920 |a Impresos - Libros 
930 |a Colección General 
905 |a 101 
901 |a 0500086527  |b IT1  |c ACC  |u 20250521 
902 |a https://opac.biblio.iteso.mx/vufind/Record/000154727